[Event "8 Player Open 3"]
[Site "SchemingMind.com"]
[Date "2014.06.17"]
[Round "-"]
[White "zygyzag"]
[Black "Derek Price"]
[Result "1-0"]
[WhiteCountry "ENG"]
[BlackCountry "ENG"]
[WhiteElo "2224"]
[WhiteRD "96"]
[BlackElo "2358"]
[BlackRD "80"]
[GameID "360128"]

1. e4 c5 2. c3 Nf6 3. e5 Nd5 4. Bc4 Nb6 5. Bb3 c4 6. Bc2 Nc6 7. Nf3 Qc7 8. Qe2 g5 9. h3 Bg7 10. O-O Nxe5
11. Nxg5 Nd5 12. d4 cxd3 13. Bxd3 Nxd3 14. Qxd3 Qc6 15. Re1 h6 16. Nf3 b6 17. Na3 Bb7 18. Nb5 Rg8 19. Kh1 a6 20. Nbd4 Bxd4
21. Nxd4 Qg6 22. Qxg6 Rxg6 23. Bd2 Rf6 24. Kg1 d6 25. Ne2 Kd7 26. f3 e5 27. Kf2 Ne7 28. Rg1 Rc8 29. Be3 Bd5 30. a4 Kc7
31. a5 b5 32. Rad1 Rg8 33. Nc1 Bc6 34. Nd3 Nd5 35. Nb4 Nxb4 36. cxb4 d5 37. Bb6+ Kd7 38. Rde1 Re6 39. g4 d4 40. Bc5 Bd5
41. f4 f6 42. Rc1 Rge8 43. Rge1 Rc8 44. Kg3 Bc4 45. fxe5 fxe5 46. Rc2 Rd8 47. Bb6 Rde8 48. Rf2 Rc6 49. Rf5 d3 50. Be3 Rd6
51. Bd2 e4 52. Kf2 Bb3 53. Ke3 Rc6 54. Ref1 Rc2 55. Rf6 Re6 56. Rxe6 Kxe6 57. Rf5 Kd7 58. Rh5 Rc6= 59. Kxe4 Bc2 60. Kd4 Rd6+
61. Rd5 Rxd5+ 62. Kxd5 Bd1 63. Bxh6 Bf3+ 64. Ke5 Bg2 65. h4 Bf3 66. Kf5 Ke7 67. h5 Kf7 68. Bf4 Kg7 69. h6+ Kh7 70. g5 Bh5
71. Ke4 Bg6+ 72. Kd5 Be8 73. Kc5
1-0

[Event "8 Player Open 3"]
[Site "SchemingMind.com"]
[Date "2014.06.18"]
[Round "-"]
[White "Shanks"]
[Black "zygyzag"]
[Result "0-1"]
[WhiteCountry "ENG"]
[BlackCountry "ENG"]
[WhiteElo "1442"]
[WhiteRD "71"]
[BlackElo "2224"]
[BlackRD "96"]
[GameID "360129"]

1. d4 d5 2. Nc3 Nf6 3. h3 c5 4. e3 Nc6 5. Nf3 a6 6. Be2 e6 7. O-O Bd6 8. dxc5 Bxc5 9. a3 O-O 10. Bd3 e5
11. Bd2 e4 12. Bxe4 dxe4 13. Nh2 Bd6 14. Ne2 Qc7 15. Nf4 Rd8 16. Qc1 g5 17. Ng4 Nxg4 18. hxg4 gxf4 19. exf4 Nd4 20. Be3 Ne2+
21. Kh1 Nxc1 22. Raxc1 Bxf4 23. Bxf4 Qxf4 24. g3 Qf3+ 25. Kg1 Bxg4 26. Rfe1 Bh3
0-1

[Event "8 Player Open 3"]
[Site "SchemingMind.com"]
[Date "2014.06.21"]
[Round "-"]
[White "zygyzag"]
[Black "Shanks"]
[Result "1-0"]
[WhiteCountry "ENG"]
[BlackCountry "ENG"]
[WhiteElo "2224"]
[WhiteRD "96"]
[BlackElo "1442"]
[BlackRD "71"]
[GameID "360130"]

1. d4 Nf6 2. Bg5 d5 3. e3 c6 4. Nd2 h6 5. Bxf6 exf6 6. Ne2 Be7 7. Nf4 Nd7 8. Bd3 Nf8 9. O-O g5 10. Nh5 Be6
11. Ng7+ Kd7 12. c4 Kc7 13. c5 Qd7 14. b4 Bg4 15. f3 Be6 16. b5 cxb5 17. Qb3 Qc6 18. Bxb5 Bd7 19. Bxc6 Bxc6 20. Nf5 Bd8
21. Qa3 Nd7 22. Rab1 Nb8 23. Nb3 Kd7 24. e4 dxe4 25. d5 Bxd5 26. Rbd1 Ke6 27. Ng7+ Ke5 28. Qb2+
1-0

[Event "8 Player Open 3"]
[Site "SchemingMind.com"]
[Date "2014.06.22"]
[Round "-"]
[White "emvarela"]
[Black "zygyzag"]
[Result "0-1"]
[WhiteCountry "ARG"]
[BlackCountry "ENG"]
[WhiteElo "1627"]
[WhiteRD "46"]
[BlackElo "2251"]
[BlackRD "95"]
[GameID "360131"]

1. e4 c5 2. Nf3 d6 3. d4 cxd4 4. Nxd4 Nf6 5. Nc3 a6 6. Be3 e5 7. Nb3 Be6 8. Be2 Be7 9. f3 Nbd7 10. Nd5 Nxd5
11. exd5 Bf5 12. Bd3 Bg5 13. Bxf5 Bxe3 14. Bxd7+ Qxd7 15. Qd3 Bg5 16. O-O O-O 17. c4 Rfc8 18. Nd2 Bxd2 19. Qxd2 Rxc4 20. Rfd1 Rac8
21. Rac1 Qc7 22. Rxc4 Qxc4 23. b3 Qc2 24. Kf2 f5 25. Ke2 Qc5 26. Qd3 g6 27. g3 Qa5 28. Qd2 Rc3 29. Rc1 Qb5+ 30. Ke1 Rxf3
31. Rc8+ Kg7 32. Rc7+ Kf6 33. Rc4 Qb6
0-1

[Event "8 Player Open 3"]
[Site "SchemingMind.com"]
[Date "2014.06.22"]
[Round "-"]
[White "zygyzag"]
[Black "emvarela"]
[Result "1-0"]
[WhiteCountry "ENG"]
[BlackCountry "ARG"]
[WhiteElo "2233"]
[WhiteRD "99"]
[BlackElo "1633"]
[BlackRD "47"]
[GameID "360132"]

1. Nf3 d5 2. c4 d4 3. g3 c5 4. e3 dxe3 5. fxe3 e6 6. Nc3 Nf6 7. Bg2 Nc6 8. d4 cxd4 9. exd4 Bb4 10. O-O O-O
11. a3 Bxc3 12. bxc3 Qc7 13. Bf4 Qa5 14. Qc2 a6 15. Rae1 Bd7 16. c5 Nd5 17. Ng5 g6 18. Bd2 Na7 19. c4
1-0

[Event "8 Player Open 3"]
[Site "SchemingMind.com"]
[Date "2014.06.17"]
[Round "-"]
[White "Scooter"]
[Black "zygyzag"]
[Result "0-1"]
[WhiteCountry "USA"]
[BlackCountry "ENG"]
[WhiteElo "1755"]
[WhiteRD "48"]
[BlackElo "2188"]
[BlackRD "101"]
[GameID "360133"]

1. d4 d5 2. Nf3 Bg4 3. Nbd2 Nc6 4. e3 e6 5. Be2 Bd6 6. h3 Bf5 7. a3 Nf6 8. Nh4 Be4 9. Nxe4 Nxe4 10. Nf3 Ne7
11. O-O c6 12. c4 O-O 13. cxd5 exd5 14. Bd3 f5 15. Bxe4 fxe4 16. Nd2 Ng6 17. b4 Nh4 18. Bb2 Nf3+ 19. Nxf3 exf3 20. g3 h5
21. Qc2 Qd7 22. h4 Qh3
0-1

[Event "8 Player Open 3"]
[Site "SchemingMind.com"]
[Date "2014.06.17"]
[Round "-"]
[White "kenneth m day"]
[Black "zygyzag"]
[Result "0-1"]
[WhiteCountry "USA"]
[BlackCountry "ENG"]
[WhiteElo "1708"]
[WhiteRD "50"]
[BlackElo "2233"]
[BlackRD "99"]
[GameID "360135"]

1. e4 Nc6 2. d4 d5 3. exd5 Qxd5 4. Nf3 Bg4 5. Be2 O-O-O 6. Nc3 Qa5 7. O-O Bxf3 8. Bxf3 Nxd4 9. Be4 Nf6 10. Bd3 e6
11. Bd2 Qb6 12. Rb1 h5 13. Be3 Ng4 14. h3 Nxe3 15. fxe3 Nxc2 16. Qxc2 Qxe3+ 17. Kh1 Qxd3 18. Qxd3 Rxd3 19. Rxf7 Rd7 20. Rf2 Bb4
21. Ne4 Rf8 22. Rxf8+ Bxf8 23. Ng5 e5 24. Ne6 Bd6 25. Re1 Rf7 26. Ng5 Rf2 27. Ne6 g6 28. Rb1 Be7 29. a3 Kd7 30. Ng7 Rf7
31. Rd1+ Bd6
0-1

[Event "8 Player Open 3"]
[Site "SchemingMind.com"]
[Date "2014.06.18"]
[Round "-"]
[White "zygyzag"]
[Black "kenneth m day"]
[Result "1-0"]
[WhiteCountry "ENG"]
[BlackCountry "USA"]
[WhiteElo "2233"]
[WhiteRD "99"]
[BlackElo "1708"]
[BlackRD "50"]
[GameID "360136"]

1. d4 Nf6 2. Bg5 Ne4 3. Bf4 d5 4. e3 Bf5 5. f3 Nf6 6. c4 e6 7. Nc3 Nbd7 8. Nb5 Bd6 9. Bxd6 cxd6 10. Nxd6+ Ke7
11. c5 b6 12. Nxf5+ Kf8 13. c6 Nb8 14. Rc1 Qc7 15. Ng3 Nxc6 16. Bb5 Qd6 17. Bxc6 Rc8 18. Qa4 Rc7 19. N1e2 Ke7 20. e4 Rhc8
21. e5
1-0

[Event "8 Player Open 3"]
[Site "SchemingMind.com"]
[Date "2014.06.18"]
[Round "-"]
[White "renegade"]
[Black "capablanca"]
[Result "0-1"]
[WhiteCountry "ENG"]
[BlackCountry "GER"]
[WhiteElo "1860"]
[WhiteRD "100"]
[BlackElo "1702"]
[BlackRD "73"]
[GameID "360140"]

1. f4 d5 2. Nf3 Nf6 3. d3 c5 4. Be3 e6 5. Ne5 Bd6 6. Qd2 Bxe5 7. fxe5 Ng4 8. Bxc5 b6 9. Bd4 Nc6 10. Qf4 Qh4+
11. g3 Qh5 12. Bc3 Ngxe5 13. e4 d4 14. Be2 Qg6 15. Bxd4 Nxd4 16. Bd1 Qf6 17. Qe3 Qd8 18. O-O O-O 19. c3 Ndc6 20. Ba4 Bb7
21. d4 Ng6 22. Nd2 Nce7 23. h4 Bc6 24. Bb3 Re8 25. Qf3 Rf8 26. h5 Nh8 27. Qf4 Qb8 28. Qg5 Qc7 29. Rf6 Qb7 30. Rf4 h6
31. Qe5 Nhg6 32. hxg6 Nxg6 33. Qh5 Nxf4 34. gxf4 Bxe4 35. Kf2 Bg6 36. Qe5 Qb8 37. Qe3 b5 38. Rg1 a5 39. Nf3 a4 40. Bxe6 Qe8
41. f5 fxe6 42. Rxg6 Rxf5 43. Qxh6 Qf7 44. Rg3 Rxf3+
0-1

[Event "8 Player Open 3"]
[Site "SchemingMind.com"]
[Date "2014.06.18"]
[Round "-"]
[White "capablanca"]
[Black "renegade"]
[Result "0-1"]
[WhiteCountry "GER"]
[BlackCountry "ENG"]
[WhiteElo "1702"]
[WhiteRD "73"]
[BlackElo "1860"]
[BlackRD "100"]
[GameID "360141"]

1. d4 f5 2. g3 Nf6 3. Bg2 e6 4. Nc3 Bb4 5. Bd2 Nc6 6. e3 Bxc3 7. Bxc3 d5 8. Ne2 g5 9. O-O Qd6 10. a3 b6
11. Qd3 a5 12. b4 axb4 13. Bxb4 Nxb4 14. axb4 Rxa1 15. Rxa1 Qxb4 16. Rb1 Qxb1+
0-1

[Event "8 Player Open 3"]
[Site "SchemingMind.com"]
[Date "2014.06.17"]
[Round "-"]
[White "renegade"]
[Black "Derek Price"]
[Result "0-1"]
[WhiteCountry "ENG"]
[BlackCountry "ENG"]
[WhiteElo "1860"]
[WhiteRD "100"]
[BlackElo "2358"]
[BlackRD "80"]
[GameID "360142"]

1. f4 Nf6 2. Nf3 g6 3. e3 Bg7 4. c3 O-O 5. Na3 d6 6. Bc4 c5 7. O-O Nc6 8. d3 a6 9. e4 b5 10. Bb3 c4
11. dxc4 Qb6+ 12. Kh1 Nxe4 13. Qe2 Nc5 14. Bc2 b4 15. cxb4 Nxb4 16. Qxe7 Be6 17. Rb1 Nxc2 18. Nxc2 Rfe8 19. Qh4 Bxc4 20. Re1 Bd3
21. Qf2 Qb7 22. Qd2 Ne4 23. Rxe4 Bxe4 24. Ng5 Bxc2 25. Ra1 h6 26. Nf3 Be4 27. Ne1 Bxg2+ 28. Nxg2 Qf3 29. Kg1 Bd4+ 30. Qxd4 Re2
31. Qd5 Rxg2+ 32. Kh1 Qf1#
0-1

[Event "8 Player Open 3"]
[Site "SchemingMind.com"]
[Date "2014.06.17"]
[Round "-"]
[White "Derek Price"]
[Black "renegade"]
[Result "1-0"]
[WhiteCountry "ENG"]
[BlackCountry "ENG"]
[WhiteElo "2358"]
[WhiteRD "80"]
[BlackElo "1860"]
[BlackRD "100"]
[GameID "360143"]

1. d4 f5 2. g3 Nf6 3. Bg2 d5 4. Nh3 h6 5. Nf4 g5 6. Ng6 Rg8 7. Nxf8 Rxf8 8. h4 Rg8 9. hxg5 hxg5 10. c4 dxc4
11. Na3 c6 12. Nxc4 Be6 13. Qd3 Na6 14. Bd2 Qc7 15. Rc1 O-O-O 16. Ba5 Qd7 17. Ne5 Qxd4 18. Rxc6+ bxc6 19. Qxa6+ Kb8 20. Bc7+ Kxc7
21. Qxc6+ Kb8 22. Qb7#
1-0

[Event "8 Player Open 3"]
[Site "SchemingMind.com"]
[Date "2014.06.18"]
[Round "-"]
[White "renegade"]
[Black "Shanks"]
[Result "1-0"]
[WhiteCountry "ENG"]
[BlackCountry "ENG"]
[WhiteElo "1860"]
[WhiteRD "100"]
[BlackElo "1442"]
[BlackRD "71"]
[GameID "360144"]

1. f4 d5 2. Nf3 c6 3. b3 Nf6 4. Bb2 Nbd7 5. Nc3 e6 6. d3 Be7 7. Qd2 Nb6 8. O-O-O h6 9. g3 Qc7 10. Ne5 d4
11. Ne4 Nfd5 12. Bxd4 c5 13. Bb2 Nb4 14. a3 N4d5 15. c4 Nf6 16. Bg2 Nxe4 17. Bxe4 O-O 18. Qc3 a5 19. Ng6 fxg6 20. Qxg7#
1-0

[Event "8 Player Open 3"]
[Site "SchemingMind.com"]
[Date "2014.06.22"]
[Round "-"]
[White "Shanks"]
[Black "renegade"]
[Result "0-1"]
[WhiteCountry "ENG"]
[BlackCountry "ENG"]
[WhiteElo "1442"]
[WhiteRD "71"]
[BlackElo "1860"]
[BlackRD "100"]
[GameID "360145"]

1. Nf3 c5 2. c4 g6 3. Nc3 Bg7 4. e4 Nc6 5. d3 e6 6. Be2 Nf6 7. Be3 d6 8. a3 Ng4 9. Bf4 O-O 10. Qd2 e5
11. Bg3 Nd4 12. Bd1 Bh6 13. Qxh6 Nxh6 14. Nxd4 cxd4 15. Ne2 f5 16. h3 f4 17. Bh2 f3 18. Ng3 fxg2 19. Rg1 Bxh3 20. b4 Ng4
21. Bxg4 Bxg4 22. Rxg2 Bh3 23. Rg1 Qf6 24. Nh1 Qf3 25. Ra2 Qxd3 26. Re2 Qc3+ 27. Kd1 d3
0-1

[Event "8 Player Open 3"]
[Site "SchemingMind.com"]
[Date "2014.06.22"]
[Round "-"]
[White "renegade"]
[Black "emvarela"]
[Result "1-0"]
[WhiteCountry "ENG"]
[BlackCountry "ARG"]
[WhiteElo "1899"]
[WhiteRD "97"]
[BlackElo "1627"]
[BlackRD "46"]
[GameID "360146"]

1. f4 d5 2. Nf3 c5 3. b3 Nc6 4. Bb2 e6 5. e3 Nf6 6. Ne5 Nxe5 7. fxe5 Nd7 8. Qf3 Be7 9. c4 O-O 10. cxd5 exd5
11. Qxd5 Nb6 12. Qf3 f6 13. Qe4 fxe5 14. Bxe5 Bf6 15. Bc4+ Nxc4 16. Qxc4+ Kh8 17. Qxc5 Bxe5 18. Qxe5 Qd3 19. Qc3 Qe4 20. Rf1 Rxf1+
21. Kxf1 Bd7 22. Qc4 Qe5 23. Qd4 Qxh2 24. Qxd7 Rf8+ 25. Ke2 Qxg2+ 26. Kd1 Rf1+ 27. Kc2 Qg6+ 28. d3 h5 29. Qd5 Qc6+ 30. Qxc6 bxc6
31. Kb2 h4 32. Nd2 Rxa1 33. Kxa1 h3 34. Nf1 g5 35. Kb2 Kg7 36. Kc3 g4 37. Kd2 Kf6 38. e4 Kg5 39. Ke3 a5 40. d4 Kh4
41. Kf4
1-0

[Event "8 Player Open 3"]
[Site "SchemingMind.com"]
[Date "2014.06.22"]
[Round "-"]
[White "emvarela"]
[Black "renegade"]
[Result "0-1"]
[WhiteCountry "ARG"]
[BlackCountry "ENG"]
[WhiteElo "1627"]
[WhiteRD "46"]
[BlackElo "1899"]
[BlackRD "97"]
[GameID "360147"]

1. e4 c5 2. Nf3 Nc6 3. d4 cxd4 4. c3 dxc3 5. Bc4 cxb2 6. Bxb2 e6 7. Nc3 Nf6 8. O-O a6 9. e5 Ng4 10. Ne4 Qc7
11. h3 Ngxe5 12. Nxe5 Nxe5 13. Bxe5 Qxe5 14. Nd2 b5 15. Bb3 Bb7 16. Nf3 Bxf3 17. Qxf3 Bd6 18. g3 O-O 19. Rad1 Ra7 20. Rfe1 Qc5
21. Qe3 Qxe3 22. Rxe3 Bc5 23. Red3 d5 24. Rc3 Rc7 25. Rdc1 Rfc8 26. Kg2 Bb6 27. Rxc7 Rxc7 28. Re1 d4 29. Rd1 Rc3 30. Rd2 g6
31. Kf1 d3 32. f3 Be3 33. Rd1 Rc1 34. Rxc1 Bxc1 35. Ke1 e5 36. g4 Kg7 37. h4 f5 38. Be6 fxg4 39. fxg4 e4
0-1

[Event "8 Player Open 3"]
[Site "SchemingMind.com"]
[Date "2014.06.17"]
[Round "-"]
[White "renegade"]
[Black "Scooter"]
[Result "1-0"]
[WhiteCountry "ENG"]
[BlackCountry "USA"]
[WhiteElo "1860"]
[WhiteRD "100"]
[BlackElo "1759"]
[BlackRD "45"]
[GameID "360148"]

1. f4 f5 2. Nf3 Nc6 3. b3 Nf6 4. Bb2 e6 5. Nc3 Bc5 6. e3 b6 7. Bc4 Bb7 8. Qe2 Qe7 9. O-O-O O-O-O 10. d4 Bb4
11. d5 Bxc3 12. Bxc3 exd5 13. Bxd5 Nxd5 14. Rxd5 Rhf8 15. Rhd1 Qa3+ 16. Bb2 Qxa2 17. Bxg7 Rg8 18. Bb2 Nb4 19. Rxf5 Be4 20. Nd4 Bxf5
21. Nxf5 Qa6 22. Ne7+ Kb8 23. Qxa6 Nxa6 24. Nxg8 Rxg8 25. Rxd7 Rxg2 26. Rxh7 Nb4 27. f5 Rxc2+ 28. Kb1 Rf2 29. f6 Rf1+ 30. Bc1 Rxf6
31. Bd2 Rf1+ 32. Kb2 Rf2 33. Kc3 Nd5+ 34. Kd3 Nf6 35. Rf7 Ng4 36. Rxf2 Nxf2+ 37. Ke2 Ne4 38. h4 Kc8 39. Be1 Nf6 40. Kf3 Kd7
41. e4 Ke6 42. Kf4 a5 43. e5 Nh7 44. Bc3 c5 45. h5 b5 46. Bxa5 Nf8 47. Bc3 Nh7 48. h6 b4 49. Bb2
1-0

[Event "8 Player Open 3"]
[Site "SchemingMind.com"]
[Date "2014.06.17"]
[Round "-"]
[White "Scooter"]
[Black "renegade"]
[Result "0-1"]
[WhiteCountry "USA"]
[BlackCountry "ENG"]
[WhiteElo "1774"]
[WhiteRD "48"]
[BlackElo "1825"]
[BlackRD "118"]
[GameID "360149"]

1. d4 f5 2. Nf3 Nf6 3. Bf4 d6 4. e3 Nc6 5. Bb5 Bd7 6. O-O e6 7. Nbd2 a6 8. Bxc6 Bxc6 9. c4 Qd7 10. h3 O-O-O
11. Bg5 Be7 12. b4 Ba4 13. Qe2 h6 14. Bxf6 Bxf6 15. c5 Bb5 16. Nc4 d5 17. Nfe5 Bxe5 18. Nxe5 Bxe2 19. Nxd7 Bxf1 20. Ne5 Bc4
21. Nf7 g5 22. Nxh8 Rxh8
0-1

[Event "8 Player Open 3"]
[Site "SchemingMind.com"]
[Date "2014.06.17"]
[Round "-"]
[White "renegade"]
[Black "kenneth m day"]
[Result "1-0"]
[WhiteCountry "ENG"]
[BlackCountry "USA"]
[WhiteElo "1895"]
[WhiteRD "99"]
[BlackElo "1708"]
[BlackRD "50"]
[GameID "360150"]

1. f4 d5 2. Nf3 g6 3. e3 Bg7 4. c3 Bf5 5. Na3 Nd7 6. d4 Ngf6 7. Bd3 O-O 8. Bxf5 gxf5 9. O-O Ne4 10. c4 c6
11. Qb3 dxc4 12. Qxb7 Qc8 13. Qxc8 Rfxc8 14. Nxc4 Kh8 15. b3 Rg8 16. Ba3 e6 17. Rac1 Ndf6 18. Nce5 Bf8 19. Nxf7+ Kg7 20. Bxf8+ Kxf8
21. N7e5 Nd5 22. Rfe1 Nb4 23. a3 Nd5 24. Rxc6 Ke7 25. g3 h6 26. Nh4 Rac8 27. Ng2 Rxc6 28. Nxc6+ Kd6 29. Ne5 Ke7 30. Rc1 Nec3
31. Kf2 Rc8 32. Nc4 Ne4+ 33. Ke2 Ndc3+ 34. Kd3 Kf7 35. Rxc3 Nxc3 36. Nd6+
1-0

[Event "8 Player Open 3"]
[Site "SchemingMind.com"]
[Date "2014.06.17"]
[Round "-"]
[White "kenneth m day"]
[Black "renegade"]
[Result "0-1"]
[WhiteCountry "USA"]
[BlackCountry "ENG"]
[WhiteElo "1708"]
[WhiteRD "50"]
[BlackElo "1895"]
[BlackRD "99"]
[GameID "360151"]

1. e4 c5 2. Nc3 Nc6 3. f4 e5 4. fxe5 Nxe5 5. Nf3 Bd6 6. Be2 Nf6 7. d4 cxd4 8. Qxd4 Qe7 9. O-O Bc5 10. Qxc5 Qxc5+
11. Kh1 O-O 12. Nxe5 Qxe5 13. Bf4 Qc5 14. Rad1 Nxe4 15. Nxe4 Qxc2 16. Bd3 Qxb2 17. Rd2 Qb4 18. Rb1 Qd4 19. Rf1 d5 20. Nd6 Qb4
21. Rc2 a6 22. h3 g6 23. Be5 b5 24. Rb2 Qc5 25. Rc2 Qe3 26. Nxc8 Raxc8 27. Rxc8 Rxc8
0-1

[Event "8 Player Open 3"]
[Site "SchemingMind.com"]
[Date "2014.06.17"]
[Round "-"]
[White "renegade"]
[Black "zygyzag"]
[Result "1-0"]
[WhiteCountry "ENG"]
[BlackCountry "ENG"]
[WhiteElo "1860"]
[WhiteRD "100"]
[BlackElo "2224"]
[BlackRD "96"]
[GameID "360152"]

1. f4 e5 2. fxe5 d6 3. exd6 Bxd6 4. Nf3 g5 5. g3 g4 6. Nh4 Ne7 7. Nc3 Ng6 8. Ng2 h5 9. e3 h4 10. gxh4 Nxh4
11. Qe2 Nf3+ 12. Kd1 Nc6 13. Nf4 Bxf4 14. exf4+ Be6 15. b3 Qf6 16. Qe3 O-O-O 17. Bd3 Bf5 18. Bxf5+ Qxf5 19. h3 Rhe8 20. Qf2 Nfd4
21. d3 Qh5 22. Qg3 gxh3+ 23. Kd2 Re2+ 24. Nxe2 Qxe2+ 25. Kc3 Nb5+ 26. Kb2 Kb8 27. Re1
1-0

[Event "8 Player Open 3"]
[Site "SchemingMind.com"]
[Date "2014.06.18"]
[Round "-"]
[White "zygyzag"]
[Black "renegade"]
[Result "1-0"]
[WhiteCountry "ENG"]
[BlackCountry "ENG"]
[WhiteElo "2224"]
[WhiteRD "96"]
[BlackElo "1860"]
[BlackRD "100"]
[GameID "360153"]

1. Nf3 c5 2. c4 Nc6 3. Nc3 e6 4. g3 Nf6 5. Bg2 Be7 6. O-O O-O 7. d4 cxd4 8. Nxd4 Bc5 9. Be3 Ne7 10. Nxe6 dxe6
11. Bxc5 Qxd1 12. Rfxd1 Re8 13. Nb5 Nd7 14. Bd6 Nf5 15. Nc7 Nxd6 16. Rxd6 Ne5 17. Nxe8 Nxc4 18. Rd8 Kf8 19. Nd6+ Ke7 20. Rxc8 Rxc8
21. Nxc8+ Kd7 22. Nxa7
1-0